00674 2200253 4500001002100000005001700021008004100038020001800079035002400097082001200121090002400133100002100157245005300178250001100231260003100242300001900273440003000292500002600322650001300348850001200361980001800373985000600391999002300397YOGYA-0209000005607920090227033640.0 ind  a979-21-0008-3 0010-020900000056079 a616.849 a616.849bLan IlDEP aLANYWATI, Endang aInsomnia : gangguan sulit tidurcEndang Lanywati aCet. 1 aYogyakartabKanisiusc2001 a322 hlmc19 cm aSeri kesehatan masyarakat aBibliografi : hlm. 32 aInsomnia aYOPDYOG a31 Maret 2005 a1 a2001-14 h CB-D. 11